00975nam a2200241 a 450000100100000000500170001000800410002704000250006808200170009310000580011024501160016824600500028426000620033430000210039649000220041765000270043965000300046670000440049674000260054083000290056695201210059599900170071600002123220200930011253.0100902s1972 sp 000 d spa d aDO-SdBNPbspacBNPHU a842.4bP831t1 aMolièrecJean Baptiste Poquellind1622-1673.94437610aTartufo o el impostor :bcomedias en cinco actos /cMolière ; traducción y notas Julio Gómez de la Serna.13aEl despecho amoroso:bcomedias en cinco actos aBarcelona, (España) :bEditorial Ramón Sopena,c1972. a176 p. ;c17 cm.1 aBiblioteca Sopena 4aTeatro francés95359 4aLiteratura francesa910741 aGómez de la Serna, Julio,etr.9128181 aEl espertador amoroso 0aBiblioteca Sopena912815 001054708MOaGRbGRcCTd2010-09-02iLF1l0o842.4 P831tp21232-10r2020-06-25w2020-06-25y4ZPréstamo en sala c20733d20733